The 2012 presidential election : forecasts, outcomes, and consequences /

Bibliographic Details
Corporate Author: ebrary, Inc
Other Authors: Cavari, Amnon, Powell, Richard J., Mayer, Kenneth R.
Format: eBook
Language:English
Published: Lanham : Rowman & Littlefield, [2014]
Subjects:
Online Access:Connect to the full text of this electronic book

MARC

Tag First Indicator Second Indicator Subfields
LEADER 00000cam a22000001i 4500
001 in00003431221
006 m o d
007 cr cn|||||||||
008 130809t20142014mdu o 001 0 eng d
005 20250816222343.0
020 |z 9781442226487 
020 |a 9781442226494 (e-book) 
035 |a (CaPaEBR)ebr10805174 
035 |a (OCoLC)867022699 
040 |a CaPaEBR  |b eng  |e rda  |e pn  |c CaPaEBR  |d UtOrBLW 
043 |a n-us--- 
050 4 |a JK526 2012  |b .A19 2014eb 
082 0 4 |a 324.973/0932  |2 23 
245 0 4 |a The 2012 presidential election :  |b forecasts, outcomes, and consequences /  |c edited by Amnon Cavari, Richard Powell, and Kenneth Mayer. 
264 1 |a Lanham :  |b Rowman & Littlefield,  |c [2014] 
264 4 |c ©2014 
300 |a 1 online resource (202 pages) :  |b illustrations 
336 |a text  |b txt  |2 rdacontent 
337 |a computer  |b c  |2 rdamedia 
338 |a online resource  |b cr  |2 rdacarrier 
500 |a Includes index. 
588 |a Description based on print version record. 
500 |a Electronic resource. 
650 0 |a Presidents  |z United States  |x Election  |y 2012. 
651 0 |a United States  |x Politics and government  |y 2009-2017. 
655 7 |a Electronic books.  |2 local 
700 1 |a Cavari, Amnon. 
700 1 |a Powell, Richard J. 
700 1 |a Mayer, Kenneth R. 
710 2 |a ebrary, Inc. 
776 0 8 |i Print version:  |t 2012 presidential election : forecasts, outcomes, and consequences.  |d Lanham :  |b Rowman & Littlefield, c2014  |h xiii, 187 pages  |z 9781442226487  |w (DLC) 2013030909 
856 4 1 |u https://ebookcentral.proquest.com/lib/tamucs/detail.action?docID=1557265  |y Connect to the full text of this electronic book  |t 0 
999 f f |s e3c5cce6-b728-3ecc-a3a5-116509f9438b  |i 704b033e-9aa3-3e74-b033-50c454d0dc5f  |t 0 
999 |a MARS 
952 f f |a Texas A&M University  |b College Station  |c Electronic Resources  |d Available Online  |t 0  |e JK526 2012 .A19 2014eb  |h Library of Congress classification 
998 f f |a JK526 2012 .A19 2014eb  |t 0  |l Available Online